<?xml version="1.0" encoding="UTF-8"?>
<record
    xmlns:xsi="http://www.w3.org/2001/XMLSchema-instance"
    xsi:schemaLocation="http://www.loc.gov/MARC21/slim http://www.loc.gov/standards/marcxml/schema/MARC21slim.xsd"
    xmlns="http://www.loc.gov/MARC21/slim">

  <leader>01309nam a2200217 a 4500</leader>
  <controlfield tag="001">21132</controlfield>
  <controlfield tag="003">CO-ViMGA</controlfield>
  <controlfield tag="008">141112s2004    ck      r     000 u spa d</controlfield>
  <datafield tag="040" ind1=" " ind2=" ">
    <subfield code="a">CO-ViMGA</subfield>
    <subfield code="b">spa</subfield>
    <subfield code="c">CO-ViMGA</subfield>
  </datafield>
  <datafield tag="082" ind1="0" ind2="4">
    <subfield code="a">332.26 R637n</subfield>
  </datafield>
  <datafield tag="100" ind1="1" ind2=" ">
    <subfield code="a">Rodr&#xED;guez Azuero, Sergio</subfield>
    <subfield code="9">30219</subfield>
  </datafield>
  <datafield tag="245" ind1="1" ind2="0">
    <subfield code="a">Negocios fiduciarios : </subfield>
    <subfield code="b">su significaci&#xF3;n en Am&#xE9;rica Latina</subfield>
  </datafield>
  <datafield tag="260" ind1=" " ind2=" ">
    <subfield code="a">Bogot&#xE1; : </subfield>
    <subfield code="b">Legis, </subfield>
    <subfield code="c">2007</subfield>
  </datafield>
  <datafield tag="300" ind1=" " ind2=" ">
    <subfield code="a">663p.+CD - ROM</subfield>
  </datafield>
  <datafield tag="505" ind1=" " ind2=" ">
    <subfield code="a">Aproximaci&#xF3;n hist&#xF3;rica a la noci&#xF3;n de fiducia Antecedentes pr&#xF3;ximos y desarrollo de la figura La fiducia en Colombia La fiducia en el derecho LatinoAm&#xE9;ricano La convencion de la Haya sobre el Trust El proyecto de la Ley francesa sobre fiducia Fiducia mercantil El acto jur&#xED;dico en general El contrato de fideicomiso o fiducia mercantil Responsabilidad civil del fiduciario Negocios y productos fiduciarios Principales productos fiduciarios Productos derivados de la fiducia p&#xFA;blica Aspectos tecnicos del negocio fiduciario Regulaci&#xF3;n fiscal y contable del contrato de fiducia mercantil</subfield>
  </datafield>
  <datafield tag="590" ind1=" " ind2=" ">
    <subfield code="a">Forma de adquisici&#xF3;n : Compra Legis, 2007 - - Precio : </subfield>
    <subfield code="9">3.000</subfield>
  </datafield>
  <datafield tag="650" ind1="1" ind2="4">
    <subfield code="a">COMPA&#xD1;IAS FIDUCIARIAS - Am&#xE9;rica LATINA</subfield>
    <subfield code="9">30220</subfield>
  </datafield>
  <datafield tag="650" ind1="1" ind2="4">
    <subfield code="a">DERECHO COMERCIAL - Am&#xE9;rica LATINA</subfield>
    <subfield code="9">30221</subfield>
  </datafield>
  <datafield tag="650" ind1="1" ind2="4">
    <subfield code="a">FIDUCIA - LEGISLACION - COLOMBIA</subfield>
    <subfield code="9">30222</subfield>
  </datafield>
  <datafield tag="942" ind1=" " ind2=" ">
    <subfield code="2">ddc</subfield>
    <subfield code="c">BK</subfield>
  </datafield>
  <datafield tag="999" ind1=" " ind2=" ">
    <subfield code="c">29838</subfield>
    <subfield code="d">29838</subfield>
  </datafield>
  <datafield tag="952" ind1=" " ind2=" ">
    <subfield code="0">0</subfield>
    <subfield code="1">0</subfield>
    <subfield code="2">ddc</subfield>
    <subfield code="4">0</subfield>
    <subfield code="7">0</subfield>
    <subfield code="8">002</subfield>
    <subfield code="a">MEVIECAR</subfield>
    <subfield code="b">MEVIECAR</subfield>
    <subfield code="d">2015-12-04</subfield>
    <subfield code="h">Volumen. 1 | 11/jun/2009</subfield>
    <subfield code="l">0</subfield>
    <subfield code="o">332.26 R637n </subfield>
    <subfield code="p">21132</subfield>
    <subfield code="r">2015-12-04 00:00:00</subfield>
    <subfield code="t">Ej. 1</subfield>
    <subfield code="w">2015-12-04</subfield>
    <subfield code="y">BK</subfield>
  </datafield>
</record>
